[Event "Bayern-ch (Women) 76th"]
[Site "Wuerzburg"]
[Date "2005.08.31"]
[Round "6"]
[White "Mikliaeva, Darja S"]
[Black "Kiehl, Olga"]
[Result "1-0"]
[WhiteElo "2077"]
[BlackElo "1723"]
[PlyCount "57"]
[EventDate "2005.08.27"]
[EventType "swiss"]
[EventRounds "9"]
[EventCountry "GER"]
[SourceTitle "EXT 2015"]
[Source "ChessBase"]
[SourceDate "2014.11.20"]
[SourceVersion "1"]
[SourceVersionDate "2014.11.20"]
[SourceQuality "1"]

1. e4 c5 2. Nf3 Nc6 3. d4 cxd4 4. Nxd4 d6 5. Nc3 Bd7 6. Be3 Nf6 7. Be2 g6 8. f3 Bg7 9. g4 h6 10. Qd2 Nxd4 11. Bxd4 Bc6 12. 0-0-0 Rg8 13. Bc4 Rc8 14. Bb3 b5 15. Bxa7 Nd7 16. Nxb5 Bxb5 17. Qd5 Nc5 18. Bxc5 Rxc5 19. Qxf7+ Kd7 20. Qxg8 Qxg8 21. Bxg8 Be2 22. Rd5 Rc8 23. Bh7 Bxf3 24. Re1 g5 25. h3 Be5 26. c3 h5 27. Re3 Bg3 28. Rxf3 Be1 29. gxh5 1-0

[Event "Bayern-ch (Women) 76th"]
[Site "Wuerzburg"]
[Date "2005.08.27"]
[Round "1"]
[White "Jussupow, Ekaterina"]
[Black "Kiehl, Olga"]
[Result "1-0"]
[WhiteElo "1960"]
[BlackElo "1723"]
[PlyCount "93"]
[EventDate "2005.08.27"]
[EventType "swiss"]
[EventRounds "9"]
[EventCountry "GER"]
[SourceTitle "EXT 2015"]
[Source "ChessBase"]
[SourceDate "2014.11.20"]
[SourceVersion "1"]
[SourceVersionDate "2014.11.20"]
[SourceQuality "1"]

1. d4 e6 2. Nf3 d5 3. e3 Nf6 4. Bd3 c5 5. b3 Nc6 6. Bb2 a6 7. Nbd2 b5 8. e4 c4 9. exd5 exd5 10. bxc4 bxc4 11. Nxc4 dxc4 12. Bxc4 Be7 13. 0-0 0-0 14. Rb1 a5 15. Bb5 Na7 16. Bd3 Rb8 17. c4 Ba6 18. Ne5 Bd6 19. Re1 Re8 20. f4 Bxe5 21. fxe5 Nd7 22. Re3 g6 23. Rh3 Nc6 24. Qc1 Nf8 25. Qf4 Ne6 26. Qh6 Nf8 27. e6 Rxe6 28. d5 Rxb2 29. Rxb2 Re1+ 30. Kf2 Qf6+ 31. Kxe1 Qxb2 32. dxc6 Qb4+ 33. Qd2 Qc5 34. Rf3 Qxc6 35. Qxa5 Qe6+ 36. Kd2 Bxc4 37. Bxc4 Qxc4 38. Qa8 Qb4+ 39. Ke2 Qb2+ 40. Kf1 Qc1+ 41. Kf2 Qd2+ 42. Kg1 Kg7 43. a4 Ne6 44. Qe8 Ng5 45. Qe5+ Kh6 46. Rf1 f5 47. Qf4 1-0

[Event "Bayern-ch (Women) 73rd"]
[Site "Pfarrkirchen"]
[Date "2002.??.??"]
[Round "4"]
[White "Kiehl, Olga"]
[Black "Blodig, Carolin"]
[Result "0-1"]
[WhiteElo "1730"]
[BlackElo "1803"]
[PlyCount "64"]
[EventDate "2002.08.24"]
[EventType "swiss"]
[EventRounds "9"]
[EventCountry "GER"]
[SourceTitle "EXT 2015"]
[Source "ChessBase"]
[SourceDate "2014.11.20"]
[SourceVersion "1"]
[SourceVersionDate "2014.11.20"]
[SourceQuality "1"]

1. d4 d5 2. Bf4 c5 3. e3 Nc6 4. Nf3 Nf6 5. c4 e6 6. a3 a5 7. Nc3 Bd6 8. Bxd6 Qxd6 9. Nb5 Qd7 10. dxc5 Ne4 11. Rc1 0-0 12. Be2 Rd8 13. Qc2 Qe7 14. cxd5 exd5 15. Bd3 Bg4 16. h3 Bh5 17. Nbd4 Rac8 18. Nxc6 Rxc6 19. Bxe4 dxe4 20. Nd2 f5 21. g4 fxg4 22. hxg4 Bxg4 23. b4 b6 24. Rg1 Bf5 25. Qb2 axb4 26. axb4 bxc5 27. Rxc5 Rcd6 28. Rxf5 Rxd2 29. Qb3+ Kh8 30. Rfg5 Qf6 31. Qg8+ Kxg8 32. Rxg7+ Qxg7 0-1

[Event "Bayern-ch (Women) 73rd"]
[Site "Pfarrkirchen"]
[Date "2002.??.??"]
[Round "8"]
[White "Kiehl, Olga"]
[Black "Heyne, Regina"]
[Result "1-0"]
[WhiteElo "1730"]
[BlackElo "1421"]
[PlyCount "89"]
[EventDate "2002.08.24"]
[EventType "swiss"]
[EventRounds "9"]
[EventCountry "GER"]
[SourceTitle "EXT 2015"]
[Source "ChessBase"]
[SourceDate "2014.11.20"]
[SourceVersion "1"]
[SourceVersionDate "2014.11.20"]
[SourceQuality "1"]

1. d4 d5 2. Bf4 Bf5 3. e3 Nf6 4. h3 e6 5. Bd3 c5 6. Bxf5 exf5 7. dxc5 Bxc5 8. c3 0-0 9. Nf3 Nc6 10. 0-0 Qe7 11. Nd4 Qd7 12. Nd2 Nxd4 13. exd4 Bd6 14. Bxd6 Qxd6 15. Re1 Rfe8 16. Qc2 Qd7 17. f3 g6 18. Nf1 Rxe1 19. Rxe1 Re8 20. Rxe8+ Qxe8 21. Qd2 Kg7 22. Qe3 Qxe3+ 23. Nxe3 b5 24. b3 f4 25. Nc2 Kf8 26. Nb4 h5 27. Kf2 Ke8 28. Nc6 a6 29. Nb4 a5 30. Nc6 a4 31. b4 Kd7 32. Na7 g5 33. Nxb5 Kc6 34. Na3 Nd7 35. g3 f5 36. gxf4 gxf4 37. Nb1 Kb5 38. Nd2 Nb6 39. Ke2 Nc4 40. Nxc4 Kxc4 41. Kd2 h4 42. Kc2 Kb5 43. Kd3 a3 44. Kd2 Kb6 45. Kc2 1-0